000 00722nam a2200253Ia 4500
003 OSt
005 20220928110502.0
006 a|||||r|||| 00| 0
007 ta
008 220927b |||||||| |||| 00| 0 eng d
020 _cINR 399.00
024 _a137940
037 _b0322, 03/03/2018, Bookwell Publications
_cTextual
040 _aSDCL
_cSDCL
_beng
041 _2eng
_aeng
082 _aO-,3ROT, Q1 LR
100 _aRoth Veronica
_9419716
245 0 _aDivergent
260 _aLondon
_bHarper Collins
_c2013
300 _a488p.
_ccm.
650 _aReference
942 _hO-,3ROT, Q1 LR
_cTEXL
_2CC
999 _c735857
_d735857